000 01131nam a22002537a 4500
999 _c64829
_d64829
005 20240530110753.0
008 181218s2017 ua bh f b 00| 0 ara d
017 _a2017/15131
_bمصر. دار الكتب
020 _a9789777951333
040 _aEG-CaGPL
_cEG-CaGPL
082 0 4 _221
_a916.216 /
_bق/ل ق
100 1 _aلين، ادوارد وليم
245 1 2 _aالقاهرة منتصف القرن التاسع عشر /
_cادوارد وليم لين ؛ تقديم واعداد ستانلى لين بول ؛ ترجمة وححققة وعلق علية احمد سالم سالم
250 _aط.1
260 _aالقاهرة :
_bالدار المصرية اللبنانية ،
_c2017.
300 _a333 ص. :
_bايض ؛
_c24 سم.
504 _aيشتمل على ارجاعات ببليوجرافية
651 0 7 _2qrmak
_aالقاهرة
_xوصف ورحلات
651 0 7 _2qrmak
_aالقاهرة
_vصور
700 1 _aبول، ستانلى لين
_eمقدم ومعد
700 0 _aاحمد سالم سالم
_eمترجم ومحقق ومعلق
942 _2ddc
_cBK